| 000 | 00403nam a2200145Ia 4500 | ||
|---|---|---|---|
| 008 | 230411s9999 xx 000 0 und d | ||
| 020 | _a978-93-5025-163-8 | ||
| 041 | _aeng | ||
| 082 | _aOG/610.7367/BAS/B06809 | ||
| 100 | _aBasavanthappa BT | ||
| 245 | _aEssentials of Midwifery and Obstetrical Nursing | ||
| 260 |
_bJaypee Brothers _aBangalore _c2011 |
||
| 300 | _a660p | ||
| 999 |
_c157118 _d157118 |
||